000
00351nam a2200145Ia 4500
008
240624s9999 xx 000 0 und d
041
_a
eng
082
_a
004.6 HEL
100
_a
HELD GILBERT
245
_a
UNDERSTANDING DATA COMMUNICATIONS
250
_a
(7th ed.)
260
_c
2003
_a
New Delhi
_b
Pearson Education
300
_a
xv, : 765
365
_c
RS
999
_c
853
_d
853